Тектоника и магматизм островов Зеленого Мыса

Λεπτομέρειες βιβλιογραφικής εγγραφής
Συγγραφή απο Οργανισμό/Αρχή: Академия наук СССР (АН СССР) Геологический институт (ГИН)
Άλλοι συγγραφείς: Пущаровский Ю. М. Юрий Михайлович (редактор)
Γλώσσα:Ρωσικά
Έκδοση: Москва, Наука, 1990
Σειρά:Труды ГИН (Геологического института АН СССР) Вып. 451
Θέματα:
Μορφή: MixedMaterials Βιβλίο
KOHA link:https://koha.lib.tpu.ru/cgi-bin/koha/opac-detail.pl?biblionumber=192159

MARC

LEADER 00000nam0a2200000 4500
001 192159
005 20231101224411.0
010 |a 5020020907 
035 |a (RuTPU)RU\TPU\book\209541 
090 |a 192159 
100 |a 20110218d1990 k y0rusy50 ca 
101 0 |a rus 
102 |a RU 
105 |a a z 001zy 
200 1 |a Тектоника и магматизм островов Зеленого Мыса  |f Академия наук СССР (АН СССР), Геологический институт (ГИН) ; под ред. Ю. М. Пущаровского 
210 |a Москва  |c Наука  |d 1990 
215 |a 246 с.  |c ил. 
225 1 |a Труды ГИН (Геологического института АН СССР)  |v Вып. 451 
320 |a Библиогр.: с. 234-242. 
606 1 |a Тектоника  |2 stltpush  |3 (RuTPU)RU\TPU\subj\58770  |9 76521 
606 1 |a Геологические формации, магматические  |2 stltpush  |3 (RuTPU)RU\TPU\subj\6087  |9 34047 
610 1 |a магматизм 
610 1 |a Зеленый Мыс 
610 1 |a стратиграфия 
610 1 |a литология 
610 1 |a петрография 
675 |a 551.24  |v 3 
675 |a 552.3  |v 3 
702 1 |a Пущаровский  |b Ю. М.  |c российский геолог  |f 1916-2018  |g Юрий Михайлович  |2 stltpush  |3 (RuTPU)RU\TPU\pers\11530  |4 340  |9 2720 
712 0 2 |a Академия наук СССР (АН СССР)  |b Геологический институт (ГИН)  |c (Москва)  |2 stltpush  |3 (RuTPU)RU\TPU\col\11354 
801 1 |a RU  |b 63413507  |c 20110218 
801 2 |a RU  |b 63413507  |c 20220228  |g RCR 
942 |c BK